| 000 | 00548nam a22002057a 4500 | ||
|---|---|---|---|
| 001 | 00027898 | ||
| 005 | 20260120091536.0 | ||
| 008 | 260120b ag ||||| |||| 00| 0 spa d | ||
| 040 |
_aAR-CcCEOS _bspa _cAR-CcCEOS |
||
| 041 | _aspa | ||
| 080 | _a 294.3 | ||
| 090 | _bHUM | ||
| 100 | 1 |
_aHumphreys, Christmas, _d1901-1983 _9149 |
|
| 245 |
_aLa sabiduría del budismo / _cChristmas Humphreys |
||
| 250 | _a1ª ed. | ||
| 260 |
_aBuenos Aires : _bKier, _c1973. |
||
| 300 |
_a319 p. ; _c19x13 cm. |
||
| 655 | 0 |
_aliteratura _919 |
|
| 942 |
_2udc _cBK _n0 |
||
| 999 |
_c27906 _d27906 |
||